[Event "EU-Cup 18th"]
[Site "Kallithea"]
[Date "2002.09.28"]
[Round "7.6"]
[White "Kozul, Zdenko"]
[Black "Timofeev, Artyom"]
[Result "0-1"]
[WhiteElo "2588"]
[BlackElo "2558"]
[Annotator "Finkel,A"]
[PlyCount "78"]
[EventDate "2002.09.22"]
[EventType "team-swiss"]
[EventRounds "7"]
[EventCountry "GRE"]
[SourceTitle "CBM 092"]
[Source "ChessBase"]
[SourceDate "2003.02.06"]
[SourceVersion "1"]
[SourceVersionDate "2003.02.06"]
[SourceQuality "1"]
[WhiteTeam "Sarajevo Bosna"]
[BlackTeam "Kazan Ladya"]
[WhiteTeamCountry "BIH"]
[BlackTeamCountry "RUS"]

1. d4 d5 2. c4 e6 3. Nf3 c6 4. Nbd2 f5 5. g3 Nf6 6. Bg2 Bd6 7. O-O O-O 8. Qc2
b6 9. Ne5 (9. b3 Bb7 10. Ne5 (10. cxd5 cxd5 11. Ne5 Qe7 12. Ndf3 Rc8 13. Qd1
Nbd7 14. Bf4 $14) 10... Qe7 11. Ndf3 (11. Bb2 a5 12. Rac1 Na6 13. Qb1 Ne4 14.
Nxe4 fxe4 15. cxd5 cxd5 16. f3 $14) 11... Rc8 {[%cal Gc6c5]} 12. Nd3 Na6 13.
Bf4 Bxf4 14. Nxf4 c5 $13) 9... Bb7 10. Nd3 {Typical maneuver for this
structure: white's intention is to exchange dark-squared bishops from f4.} (10.
Ndf3 Qe7 11. Bg5 Rc8 12. Rac1 c5 13. Qa4 Nc6 14. cxd5 Nxd4 $2 15. Nxd4 Bxe5 16.
Nxe6 Bxb2 17. Rcd1 $16 {Kozul,Z-Klinger,J/Sarajevo 1988}) (10. cxd5 cxd5 11.
Ndf3 Ne4 12. Nd3 Nc6 13. Bf4 Rc8 14. Qa4 Bxf4 15. Nxf4 Qd6 16. Rfc1 a5 17. Qb3
$14 {Varga,P-Hoang Thanh Trang/Budapest 1994}) 10... Qe7 (10... Nbd7 11. Nf3
Ne4 12. Bf4 (12. b3 Qe8 13. Bf4 Bxf4 14. Nxf4 g5 15. Nd3 Qh5 16. Nfe5 $16 {
Kirillov,I-Provotorov,I/Nizhnij Novgorod 1999}) 12... Bxf4 13. gxf4 Rf6 14.
Rac1 Rh6 15. e3 g5 16. Nxg5 Nxg5 17. fxg5 Qxg5 $36 {Grant,J-Surendorj,H/Elista
1998}) 11. Rb1 $6 {It was better to play Nf3 right away.} (11. Nf3) 11... a5
12. Nf3 Na6 13. a3 (13. Bf4 c5 14. Bxd6 Qxd6 15. dxc5 Nxc5 $11) 13... c5 14.
Bg5 $6 {Overestimating his chances in the forthcoming complications. White had
to accept that he didn't get anything out of the opening and play 14.Bf4} (14.
Bf4 dxc4 (14... cxd4 15. Bxd6 Qxd6 16. Nxd4 Rac8 17. b3 $13) 15. Qxc4 Rfd8 16.
Bxd6 Qxd6 17. dxc5 Nxc5 18. Nxc5 bxc5 $13) 14... cxd4 15. cxd5 (15. Nxd4 Rac8
16. b3 Bxa3 $17) 15... e5 $1 {Of course! Black's center is very strong after
this move.} 16. Qb3 Kh8 17. Qxb6 (17. Nh4 Qd7 18. Qxb6 Nxd5 19. Qxa5 Nab4 20.
Nc5 Bxc5 21. Qxc5 Rfc8 $17 {[%csl Rc5]}) 17... Bxd5 18. Nh4 (18. Nxd4 Bxg2 (
18... Rfb8 $5 19. Nxf5 (19. Qxa5 Bxg2 20. Kxg2 exd4 $17) 19... Rxb6 20. Nxe7
Bxg2 21. Kxg2 Bxe7 22. Nxe5 a4 $15) 19. Nxf5 Qd7 20. Nxd6 Bxf1 21. Nxe5 Qe7 22.
Ndf7+ Rxf7 23. Nxf7+ Qxf7 24. Rxf1 $13) 18... Rfb8 19. Qxa5 Bxg2 20. Nxg2 Nb4
$17 {[%csl Ra5] Trapping white queen.} 21. axb4 Rxa5 22. bxa5 e4 23. Ndf4 Qe5 (
23... Qa7 24. Bxf6 gxf6 25. Rfd1 Rb5 26. Ne6 $44) 24. a6 Nd7 25. Rfc1 Kg8 $19
26. Rc6 h6 27. a7 (27. Ng6 Qd5 28. Rxd6 Qxd6 29. Bf4 Qxg6 30. Bxb8 Qxa6 $19)
27... Ra8 28. Rbc1 Rxa7 29. Ng6 Qb5 (29... Qd5 $4 30. N2f4 Qb5 31. Rxd6 hxg5
32. Rc8+ Kf7 33. Nh8+ Ke7 34. Re6#) 30. Rxd6 hxg5 31. Rc8+ Kf7 32. h4 Nf6 33.
h5 (33. hxg5 Ra1+ 34. Kh2 Ng4+ 35. Kh3 Rh1#) 33... Ra1+ 34. Ne1 Rxe1+ 35. Kg2
Ne8 36. Rdd8 e3 37. Nh8+ Kf6 38. Rxe8 Qb7+ $1 39. f3 Rxe2+ (39... Rxe2+ 40. Kg1
(40. Kh3 g4+ 41. fxg4 Qh1#) 40... Re1+ 41. Kg2 Qxb2+ $19) 0-1

[Event "RUS Cup final 6th"]
[Site "Nefteyugansk"]
[Date "2002.10.06"]
[Round "1"]
[White "Burmakin, Vladimir"]
[Black "Skatchkov, Pavel"]
[Result "1-0"]
[WhiteElo "2581"]
[BlackElo "2471"]
[Annotator "Finkel,A"]
[PlyCount "111"]
[EventDate "2002.10.06"]
[EventType "tourn"]
[EventRounds "11"]
[EventCountry "RUS"]
[EventCategory "11"]
[SourceTitle "CBM 092"]
[Source "ChessBase"]
[SourceDate "2003.02.06"]
[SourceVersion "1"]
[SourceVersionDate "2003.02.06"]
[SourceQuality "1"]

1. d4 d5 2. c4 c6 3. Nf3 e6 4. Nbd2 f5 5. g3 Nf6 6. Bg2 Bd6 7. O-O Nbd7 8. Ne1
$5 {Transferring the knight to d3.} (8. Qc2 Ne4 9. b3 O-O 10. Bb2 Qf6 11. Rad1
g5 12. Ne1 Qh6 13. Nd3 Qh5 14. Nf3 Rf6 15. Nfe5 Rh6 16. h3 Ndf6 $36 {Popov,
L-Czerniak,M/Reggio Emilia 1970}) (8. b3 O-O (8... b6 9. cxd5 cxd5 10. Ng5 Nb8
11. Nc4 Be7 12. Ne5 O-O 13. Bb2 Ng4 14. Ngf3 Nxe5 15. Nxe5 Bb7 16. Rc1 Bd6 17.
Nc4 Bb4 18. Ne5 Bd6 19. Nc4 Bb4 20. Ne5 {1/2-1/2 Petrosian,A-Haba,P/Polanica
Zdroj 1989/EXT 97 (20)}) 9. Bb2 Ne4 (9... f4 10. e3 fxe3 11. fxe3 Ng4 12. Qe2
Bb4 13. e4 Bxd2 14. Nxd2 Qg5 15. Bh3 $16 {Ilivitzki,G-Vaisman,A/Moscow 1964})
10. e3 (10. Nxe4 fxe4 11. Ne5 Nxe5 12. dxe5 Be7 13. Qc2 Bd7 14. f3 exf3 15.
exf3 b5 16. c5 Be8 17. Bd4 Bg6 18. Qd2 a5 $15 {Vormum,W-Krug,P/Germany 1994})
10... a5 11. a3 b5 12. Qc2 a4 13. cxb5 cxb5 14. b4 Nb6 15. Ne1 Nc4 16. Bc1 Bd7
17. Nd3 Qf6 18. Ra2 g5 $15 {Suba,M-Mestel,A/Hastings 1978}) 8... O-O (8... e5
9. cxd5 Nxd5 10. e4 fxe4 11. Nxe4 Be7 12. dxe5 Nxe5 13. Qh5+ Nf7 14. Nd3 $14 {
Fischer,H-Riemer,R/Bayern 1995}) 9. Nd3 b6 10. Nf3 $5 {Interesting pawn
sacrifice drastically changing the character of the game.} dxc4 11. Nde5 (11.
Bf4 $5 Qe7 12. Bxd6 Qxd6 13. Nde5 $44) 11... Bxe5 12. dxe5 Nd5 (12... Ne4 $5)
13. Qc2 b5 14. b3 cxb3 (14... N7b6) 15. axb3 Bb7 16. e4 fxe4 {After this move
white gets serious attacking chances even though black's defensive resourses
are more than sufficient to hold on.} (16... Nb4 $5 17. Qe2 c5 $13) 17. Ng5 Qe7
$6 (17... Re8 18. Bxe4 h6 19. Bh7+ (19. Bxd5 hxg5 20. Bg2 Nxe5 21. Bb2 Qd3 22.
Qc5 Nf3+ 23. Bxf3 Qxf3 24. Qxg5 Qf7 25. Rfd1 c5 $13) 19... Kf8 20. Nf3 (20. f4
hxg5 21. f5 Qb6+ 22. Kh1 c5 $1 $19 {[%csl Rh1][%cal Gb7h1]}) 20... c5 21. Qg6
$44) 18. Qxe4 g6 19. Bh3 Rf5 $5 {After this move black finds himself on
defensive, however the position remaines unclear.} (19... Nc5 20. Qh4 a5 $132)
20. Bxf5 exf5 21. Qh4 Nxe5 22. Re1 Qxg5 $1 $13 23. Qxg5 Nf3+ 24. Kf1 Nxg5 25.
Bxg5 a6 26. Re5 a5 27. Kg1 Kg7 (27... a4 28. bxa4 bxa4 29. Bc1 (29. Ra3) 29...
c5 $1 30. Rb1 Bc6 31. Re6 Be8 $132 {[%cal Ge8f7]}) 28. Rae1 Kf8 (28... h6 29.
Bc1 {[%csl Rh6]} Ba6 30. Bb2 Kf7 31. Re6 $14) 29. Be7+ Ke8 30. Bc5+ $1 {
[%csl Gc5]} Kd7 31. Ra1 a4 32. bxa4 bxa4 (32... Rxa4 33. Rxa4 bxa4 34. f3 Ba6
35. Kf2 Bc4 36. g4 $14) 33. h4 Ra5 34. Bb4 Ra8 35. Bc5 Ra5 36. Bb4 Ra8 37. Ba3
Ra5 ({Deserved attention} 37... Ba6 $5 38. Rb1 Kc7 $13 {[%cal Ga6c4,Gc4b3]
bringing the bishop to b3.}) 38. Rb1 Bc8 (38... Rb5 $2 39. Rxd5+ $18 {[%csl
Rb5][%cal Gb1b7]}) 39. h5 Kc7 40. h6 $1 {[%csl Rh7]} Bd7 41. Kh2 Ra8 42. Ree1
g5 $6 {[%csl Rg5] Cretaing a weakness to himself.} (42... Ra5 $5 43. Rec1) 43.
Bc5 Ra5 44. Rbc1 f4 $6 (44... g4 $6) 45. Re5 fxg3+ (45... g4 46. gxf4 Nxf4 47.
Bd6+ Kxd6 48. Rxa5 $18) 46. Kxg3 Rb5 47. Rxg5 $16 Nf6 (47... Nb4 48. Be7 Nd5
49. Bf8 $16) 48. f3 a3 49. Ra1 Rb3 50. Re5 $1 $18 Ng4 51. Rh5 Nf6 52. Re5 Ng4
53. Rh5 Nf6 54. Rh4 Be8 55. Rxa3 Rb2 56. Bd4 1-0

[Event "Bundesliga 0203"]
[Site "Germany"]
[Date "2003.01.12"]
[Round "9.1"]
[White "Khenkin, Igor"]
[Black "Berelowitsch, Alexander"]
[Result "1-0"]
[WhiteElo "2603"]
[BlackElo "2541"]
[Annotator "Finkel,A"]
[PlyCount "79"]
[EventDate "2002.10.19"]
[EventType "team-tourn"]
[EventRounds "15"]
[EventCountry "GER"]
[SourceTitle "CBM 093"]
[Source "ChessBase"]
[SourceDate "2003.04.01"]
[SourceVersion "1"]
[SourceVersionDate "2003.04.01"]
[SourceQuality "1"]
[WhiteTeam "Tegernsee"]
[BlackTeam "Emsdetten Turm"]
[WhiteTeamCountry "GER"]
[BlackTeamCountry "GER"]

{[%mdl 64]} 1. d4 e6 2. c4 f5 3. g3 Nf6 4. Bg2 Bb4+ 5. Nd2 O-O 6. Ngf3 d6 7.
O-O Bxd2 8. Bxd2 {Arising position is quite typical for Bogo-Indian variation
of Queens Indian defense where black gives up a dark-squared bishop at the
early stage of the game.} (8. Qxd2 Qe7 9. b3 e5 10. dxe5 dxe5 11. Bb2 Nc6 12.
Qc3 $14 {Cramling,P-Karlsson,L/Linkoping 2001}) 8... Qe7 (8... a5 9. Rc1 Qe7
10. c5 Nc6 11. Bg5 e5 12. Qb3+ Kh8 13. cxd6 cxd6 14. d5 Nb4 15. Nd2 e4 16. Bxf6
Qxf6 17. a3 Na6 18. Nc4 $16 {Horvath,J-Karlsson,L/Hilversum 1993}) (8... Qe8 9.
c5 dxc5 10. Rc1 $1 Nbd7 11. dxc5 c6 12. Qb3 Ne4 13. Be3 $16 {Khenkin,I-Laketic,
G/Porto San Giorgio 1996}) 9. Qb3 {I doubt that white queen is better placed
on b3, than on c2, but it seems that white can get an opening advantage after
move in the game as well as after Qc2.} (9. Qc2 e5 10. dxe5 dxe5 11. b4 c5 12.
bxc5 Nc6 13. Qb2 Ne4 14. Rad1 $14 {Salov,V-Kamsky,G/Linares 1991}) (9. c5 $5
dxc5 10. Rc1 Ne4 $6 11. dxc5 e5 (11... Nc6 12. Be1 e5 13. b4 a6 14. Qc2 Be6 15.
Qb2 $14 {Rausis,I-Berelovich,A/Cairo 2000}) 12. Qb3+ Kh8 13. Rfd1 Nc6 14. Be1
a6 15. Qe3 $14 {Adianto,U-Johansen,D/Bali 1999}) 9... Nc6 (9... Kh8 10. Qa3 Ne4
11. Be3 Nd7 12. Nd2 e5 13. Nxe4 fxe4 14. Rad1 exd4 15. Bxd4 c5 16. Be3 Ne5 $132
{1/2-1/2 Manninen,M-Akesson,R/Reykjavik zt 1995 (41)}) 10. d5 Nd8 11. Rac1 (11.
Bb4 $6 a5 12. Ba3 a4 13. Qd1 e5 14. b4 Nf7 15. Rc1 f4 $13 {Lapienis,D-Lerner,K/
Klaipeda 1980}) 11... a5 $6 {Wasting a time and creating to himself a weakness.
White wasn't planning to play b4 so 11...a5 is just a useless move.} (11... e5
12. c5 Nf7 13. cxd6 cxd6 14. Rc2 b6 15. Rfc1 Bd7 16. Rc7 Rfc8 $14) 12. Bg5 $5
a4 (12... e5 13. c5 Nf7 14. cxd6 cxd6 15. Bxf6 Qxf6 16. Nd2 $14 {[%cal Gd2c4,
Gc4b6]}) 13. Qe3 $1 {[%cal Gf3d4]} h6 $6 {Wasting another tempo proves to be
very dangerous for black.} (13... e5 14. Nd4 Nf7 15. Bxf6 Qxf6 16. Nb5 f4 17.
Qa3 Qe7 18. c5 Bg4 19. Rfe1 Qd7 20. Qb4 $14) 14. Bxf6 Qxf6 15. Nd4 e5 (15...
Bd7 16. f4 $5 (16. dxe6 $6 Nxe6 17. Nxe6 Bxe6 18. Bxb7 Rab8 19. Bd5 Bxd5 20.
cxd5 Rxb2 $13) 16... Re8 17. Qd2 e5 18. fxe5 Qxe5 19. Rce1 $14 {[%cal Ge2e4]})
16. Nb5 f4 17. Qa3 Bg4 $6 {It was still possible to hold on after} (17... Qe7
18. c5 Nf7 $16) 18. f3 Bd7 19. Nxc7 Rc8 20. Nb5 Bxb5 21. cxb5 {Black's
counterplay on the kingside isn't sufficient.} Nf7 $6 (21... Rxc1 22. Rxc1 fxg3
23. hxg3 Qg5 24. Rd1 Qxg3 25. Qxd6 Qg5 26. Qc7 $16) 22. Rxc8 Rxc8 23. Qxa4 fxg3
24. hxg3 Qg6 25. Qg4 $1 {Forcing trade of queens after which game enters
technical phase and white's win turns to be just a question of time.} Qxg4 26.
fxg4 Rc2 27. Rb1 Kf8 (27... Rxe2 28. a4 b6 29. b4 Ra2 30. a5 $1 Ng5 (30... bxa5
31. b6 Nd8 32. Rc1 Kf8 33. bxa5 Rxa5 34. Rc8 Ke7 35. b7 Nxb7 36. Rc7+ $18) 31.
Rc1 Kf7 32. axb6 Ra8 33. b7 Rb8 34. Rc7+ Kf6 35. b6 e4 36. Bf1 $18 {[%cal
Gf1a6,Gc7c8]}) 28. Kf2 Ke7 29. a4 b6 30. b4 Ra2 31. a5 $1 {Fastest way to win.}
bxa5 32. b6 Nd8 33. bxa5 Nb7 34. Rc1 $18 Nxa5 35. Rc7+ Kd8 36. Ra7 Kc8 37. Be4
Kb8 38. Bd3 Ra1 39. Rxg7 Nb3 40. Bb5 1-0

[Event "EU-ch 5th"]
[Site "Antalya"]
[Date "2004.05.22"]
[Round "7"]
[White "Iotov, Valentin Dimitrov"]
[Black "Iljushin, Alexei"]
[Result "1/2-1/2"]
[WhiteElo "2342"]
[BlackElo "2529"]
[Annotator "Finkel,A"]
[PlyCount "69"]
[EventDate "2004.05.15"]
[EventType "swiss"]
[EventRounds "13"]
[EventCountry "TUR"]
[SourceTitle "CBM 101"]
[Source "ChessBase"]
[SourceDate "2004.07.27"]
[SourceVersion "1"]
[SourceVersionDate "2004.07.27"]
[SourceQuality "1"]

1. d4 e6 2. c4 f5 3. Nf3 Nf6 4. g3 c6 5. Bg2 d5 6. O-O Bd6 7. b3 Qe7 8. Bb2 b6
9. Ne5 {This move is considered to be the main line, even though 9.Qc1 is
quite popular either.} (9. Qc1) 9... Bb7 10. Nd2 O-O 11. Rc1 Bxe5 $5 {Normally
black doesn't hurry up to trade his darksquared bishop, but I see nothing
wrong in this move.} (11... a5) 12. dxe5 Ne4 (12... Ng4 13. h3 Nh6 14. e3 Nd7
15. cxd5 exd5 16. f4 Rfd8 17. Nf3 c5 18. Rf2 Nf8 19. Rd2 Rd7 $13 {Sherwin,
J-Pye,D/Portsmouth 2003}) 13. cxd5 (13. Nxe4 fxe4 (13... dxe4 14. Qd6 Qxd6 15.
exd6 c5 16. f3 exf3 17. exf3 Nd7 18. f4 $14) 14. f3 exf3 15. exf3 c5 16. f4 d4
$132) 13... exd5 14. f3 Nxd2 (14... Nc5) 15. Qxd2 Na6 16. e3 ({More dangerous
for black was} 16. e4 $5 dxe4 17. fxe4 fxe4 18. Bxe4 Nc5 19. Bg2 Rfd8 20. Qe3
Nd3 21. Rc2 Nxb2 22. Rxb2 $14) 16... Rad8 17. Qe2 $6 {White is wasting
precious time permitting black to accomplish everything black wanted to.} c5
18. f4 Nb4 19. Rfd1 a5 20. a3 Ba6 21. Qd2 Nd3 22. Rb1 Qe6 23. Qc2 c4 $6 (23...
Nxb2 24. Qxb2 Rd7 25. Rd2 Rfd8 26. Rbd1 Bb7 $11) 24. Bd4 b5 25. b4 a4 26. Bf3
Bb7 27. Qg2 g6 28. Kf1 Rf7 29. Ke2 Rg7 (29... g5 $5 30. fxg5 Nxe5 31. h4 (31.
Bxe5 $6 Qxe5 $36 {[%csl Re3]}) 31... Rc7 32. Rbc1 $13) 30. g4 Bc8 31. gxf5 Qxf5
32. Bxd5+ Be6 33. Be4 Qh5+ 34. Bf3 Qf5 35. Be4 (35. Qg3 g5 36. Rg1 Rdd7 $13)
1/2-1/2

[Event "EU-ch 4th"]
[Site "Istanbul"]
[Date "2003.06.06"]
[Round "7"]
[White "Ftacnik, Lubomir"]
[Black "Vaisser, Anatoli"]
[Result "1-0"]
[WhiteElo "2611"]
[BlackElo "2563"]
[Annotator "Ftacnik,L"]
[PlyCount "73"]
[EventDate "2003.05.30"]
[EventType "swiss"]
[EventRounds "13"]
[EventCountry "TUR"]
[SourceTitle "CBM 096"]
[Source "ChessBase"]
[SourceDate "2003.09.25"]
[SourceVersion "1"]
[SourceVersionDate "2003.09.25"]
[SourceQuality "1"]

1. Nf3 f5 2. g3 Nf6 3. Bg2 e6 4. c4 d5 5. O-O c6 6. d4 Bd6 7. b3 Qe7 8. Ne5 b5
(8... O-O 9. Bb2 b5 10. cxb5 (10. cxd5 exd5 11. Qc2 Bxe5 12. dxe5 Ne4 13. Nc3
Rd8 14. e3 c5 15. Rad1 Be6 16. Ne2 Nc6 17. h4 Nb4 18. Qb1 c4 19. bxc4 dxc4 20.
Ba3 a5 21. Bxe4 fxe4 22. Qxe4 Qf7 {0-1 Petrosian,A-Ulibin,M/Berlin 1996/ (60)})
10... cxb5 11. Nd2 Bb7 12. Rc1 Nbd7 13. Nc6 Bxc6 14. Rxc6 Rfc8 15. Qc2 Nb6 16.
Nf3 Qd7 17. Rc1 Rxc6 18. Qxc6 Rc8 19. Qxd7 Rxc1+ 20. Bxc1 Nbxd7 21. Ng5 Nf8 {
1/2-1/2 Pogorelov,R-Moskalenko,V/Lvov 1988/ (52)}) (8... b6 9. cxd5 exd5 10.
Bb2 Bb7 11. Qc2 g6 12. Nd2 Nbd7 13. Ndf3 Rc8 14. a4 a5 15. Rac1 (15. Rad1 O-O
16. Ba1 Ne4 17. Nxd7 Qxd7 18. Ne5 Qe6 19. f3 Nf6 20. e3 c5 21. Qb2 {1-0
Nikolic,P-Vaisser,A/Paris 1994/ (64)}) 15... O-O 16. Ba1 Nb8 17. Nd3 Na6 18.
Nfe5 Nb4 19. Qd2 Ne4 20. Qe3 Rc7 21. f3 Nf6 22. Qd2 {1-0 Dautov,R-Vaisser,A/
Baden-Baden 1995/ (30)}) 9. cxb5 cxb5 10. Bf4 O-O 11. Nd2 $6 {White is too
optimistic, without the bishop on f4 the main hero will become the pearl on d6.
} (11. Nc3 Qe8 12. Nd3 Bxf4 13. Nxf4 Ba6 14. Qc1 Qd7 15. Qe3 Re8 16. Rfc1 Nc6
17. Qd2 Ne4 18. Nxe4 dxe4 19. d5 exd5 20. Qxd5+ Qxd5 21. Nxd5 Rac8 {1/2-1/2
Van der Sterren,P-Ulibin,M/Moscow 1994/ (21)}) (11. Nd3 Nc6 12. Bxd6 Qxd6 13.
e3 b4 $11) 11... Nh5 $1 12. Ndf3 (12. Be3 f4 13. Bxf4 Nxf4 14. gxf4 Rxf4 15. e3
Rf8 16. f4 Nd7 $15) (12. e3 Nxf4 13. exf4 Bxe5 (13... Nd7 14. Nc6 Qf6 15. Qe2
a6 16. Rfe1 Nb8 17. Ne5 $14) 14. fxe5 Nc6 15. Nf3 b4 $11) 12... Nxf4 13. gxf4
Ba3 $6 {This idea is too ambitious, black is trying to prevent the control of
the open c file with white rooks. On the other hand it seems unnatural, that
Vaisser is not trying to complete the development of the queenside.} (13... Bb7
14. Qd3 b4 15. Rfc1 Nd7 $15) 14. Qd3 a6 (14... Ba6 15. Ng5 Rd8 (15... Rc8 16.
Qh3 h6 17. Nxe6 Qxe6 18. b4 Bxb4 19. Qb3 Bb7 20. Qxb4 a6 21. Qb3 Nd7 22. a4
Nxe5 23. fxe5 $14) 16. Rab1 Bd6 17. Nef7 (17. Bxd5 exd5 18. Qxf5 g6 19. Nxg6
hxg6 20. Qxd5+ Kf8 21. Ne6+ Ke8 22. Nxd8 Kxd8 23. Qxa8 Bb7 24. Qxa7 Bxf4 25.
Qb6+ Bc7 26. Qxb7 Bxh2+ 27. Kxh2 Qxb7 $19) 17... Rd7 18. Nxd6 Qxd6 19. Qe3 Re7
20. Rfc1 $14) 15. Rab1 Bb7 (15... Nd7 $2 16. b4 $18) 16. Ng5 Bd6 (16... Rc8 17.
Nxe6 Qxe6 18. b4 Bxb4 19. Rxb4 Nc6 20. Rb2 $11) (16... Rf6 $5 17. Rfd1 Bd6 18.
Rdc1 Nd7 $11) 17. Qh3 {Objectively the best was probably taking the queen for
the two knights, even though black would have chances for the tough resistance.
} (17. Ng6 $5 hxg6 (17... Qf6 18. Nxf8 Bxf8 19. Qe3 Bc8 20. Rfc1 $18) 18. Qh3
Qxg5 19. fxg5 Nc6 20. Qe3 Rfe8 21. f4 Rac8 22. Rfc1 Kf7 $14) 17... h6 (17... g6
18. Rbc1 (18. Qh6 Bxe5 19. fxe5 Nc6 20. e3 Rac8 $11) 18... Bxe5 19. fxe5 Nc6
20. Nf3 Rac8 $11) 18. Ng6 Qe8 (18... Qf6 $2 19. Nxf8 hxg5 20. Nh7 Qxd4 21. e3
g4 22. Qh5 Qa7 23. Ng5 $18) 19. Nxf8 hxg5 20. Nh7 (20. Nxe6 Qxe6 21. fxg5 Qg6
22. Qh4 b4 23. Rbc1 Nd7 $15) 20... Bxf4 21. e3 g4 (21... Bd6 22. Nxg5 $16) 22.
Qh4 Bd6 (22... Bh6 23. Nf6+ gxf6 24. Qxh6 $16) 23. f4 (23. Ng5 Qg6 24. f4 gxf3
25. Nxf3 (25. Rxf3 Be7 26. Rg3 f4 $1 27. Qxf4 (27. Ne4 Bxh4 28. Rxg6 dxe4 $19)
27... Qxb1+ 28. Bf1 Qf5 29. Qc7 Nd7 (29... Bxg5 30. Qxb7 Qe4 31. Kf2 Qc2+ 32.
Kf3 Qc6 33. Qxc6 Nxc6 34. Rxg5 $11) 30. Qxb7 (30. Qxd7 Bxg5 31. Qxb7 Rf8 32.
Bh3 Qb1+ 33. Kg2 Qf1#) 30... Rf8 31. Nf3 Bh4 $17) 25... Nc6 $14) 23... gxf3 $2
(23... Nd7 24. Ng5 Qg6 25. Rbc1 $14) (23... Nc6 24. Ng5 Qg6 25. h3 gxh3 26.
Qxh3 Kf8 27. Rf3 Ke7 28. Rg3 $14) (23... Be7 24. Ng5 Qg6 25. h3 gxh3 26. Qxh3
$14) 24. Nf6+ $3 {[%mdl 128] Thunder from the seemingly clear sky, in reality
black is paying dearly for the unfinished development of his pieces. After the
opening of the kingside the survival of the exposed black king will cost too
much material.} (24. Ng5 fxg2 (24... Qg6 25. Nxf3 Nc6 26. Rbc1 b4 $13) 25. Qh7+
Kf8 26. Rxf5+ exf5 27. Qxf5+ Kg8 (27... Ke7 28. Qe6+ Kd8 29. Qxd6+ Kc8 30. Ne6
$18) 28. Qh7+ Kf8 29. Qf5+ $11) 24... gxf6 25. Bxf3 Nd7 (25... Qf8 26. Kh1 Kf7
27. Rg1 Ke8 28. Qh7 $18) (25... Bf8 26. Kh1 Bg7 27. Rg1 Bc6 (27... Nd7 28. Rg3
Qf8 29. Rbg1 Re8 30. Rh3 Kf7 31. Qh7 $18) 28. Rxg7+ Kxg7 29. Rg1+ Kf8 30. Qxf6+
Qf7 31. Qd8+ Be8 32. Qd6+ Qe7 33. Rg8+ Kxg8 34. Qxe7 $18) 26. Kh1 Kf8 27. Rg1
Rc8 (27... Bxh2 28. Qxh2 Ke7 29. Rg7+ Kd8 30. Bh5 Qh8 31. Rbg1 $18) (27... Ke7
28. Qh7+ Kd8 29. Bh5 Nf8 (29... Qe7 30. Rg7 Nf8 31. Qh6 $18) 30. Qxb7 Qxh5 31.
Qxa8+ Kc7 32. Rg7+ Kb6 33. Qd8+ Kc6 34. Rc1+ $18) 28. Qh7 (28. Qh6+ Ke7 29. Bh5
Qf8 30. Qh7+ Kd8 31. Rg8 $18) 28... Qf7 29. Qh6+ Ke7 30. Rg7 {The rest of the
game is just a desperate attempt to postpone the innevitable capitulation.} Rc2
(30... Rf8 31. Rxf7+ Rxf7 32. Bh5 $18) 31. Rxf7+ Kxf7 32. h4 Rxa2 (32... Bc6
33. Bh5+ Ke7 34. Qh8 Nf8 35. Qg7+ Kd8 36. Qxf6+ $18) 33. Bh5+ Ke7 34. Qh8 Ba3 (
34... Bc7 35. Qe8+ Kd6 36. Bf7 $18) 35. Rg1 Bc6 (35... Kd6 36. Qd8 Bc6 37. Be8
$18) 36. Be8 Bd6 (36... Kd6 37. Bxd7 Bxd7 38. Rg7 $18) 37. Rg7+ 1-0

[Event "Rubinstein Memorial"]
[Site "Polanica Zdroj"]
[Date "1993.??.??"]
[Round "3"]
[White "Sosonko, Gennadi"]
[Black "Hansen, Lars Bo"]
[Result "1-0"]
[WhiteElo "2525"]
[BlackElo "2560"]
[Annotator "Ftacnik,L"]
[PlyCount "61"]
[EventDate "1993.08.??"]
[EventType "tourn"]
[EventRounds "11"]
[EventCountry "POL"]
[EventCategory "13"]
[SourceTitle "CBM 037"]
[Source "ChessBase"]
[SourceDate "1993.12.01"]
[SourceVersion "1"]
[SourceVersionDate "1993.12.01"]
[SourceQuality "1"]

1. d4 e6 2. g3 f5 3. Bg2 Nf6 4. c4 c6 5. Nd2 d5 6. Qc2 Bd6 7. Nh3 O-O 8. O-O
Qe7 9. Nf3 b6 10. Bf4 Bb7 11. Rac1 Nbd7 12. cxd5 Nxd5 (12... cxd5 13. Bxd6 Qxd6
14. Qc7 Qxc7 15. Rxc7 Rab8 16. Rfc1 Rfc8 17. Nf4 $16) 13. Bxd6 Qxd6 14. e4 $1
fxe4 15. Nhg5 $1 Qe7 (15... N5f6 16. Nxe4 $16) (15... N7f6 16. Ne5 c5 17. Nc4
Qd7 18. dxc5 bxc5 19. Nxe4 $16) 16. Qxe4 N7f6 17. Qe2 $1 (17. Qxe6+ Qxe6 18.
Nxe6 Rfe8 19. Neg5 $14) 17... h6 18. Nxe6 Rfe8 19. Rfe1 Qf7 20. Bh3 Nd7 (20...
Bc8 21. Rxc6 $16) 21. Qd1 Re7 22. Ne5 Nxe5 23. Rxe5 Rae8 24. Qe2 Kh8 25. a3 Qf6
26. f4 $16 c5 $6 27. dxc5 bxc5 28. Rxc5 Rxe6 $2 29. Bxe6 Rxe6 30. Rxe6 Qd4+ 31.
Qf2 1-0